[Event "World Amateur-ch U1700"]
[Site "Muscat"]
[Date "2023.11.03"]
[Round "2.9"]
[White "Al Sawafi, Abdul Malik"]
[Black "Martynov, Aleksandr1"]
[Result "0-1"]
[WhiteElo "1471"]
[BlackElo "1660"]
[PlyCount "52"]
[EventDate "2023.11.02"]
[EventType "swiss"]
[EventRounds "9"]
[EventCountry "OMN"]
[SourceTitle "CB46_2023"]
[SourceDate "2023.11.15"]
[SourceVersion "1"]
[SourceVersionDate "2023.11.15"]
[SourceQuality "1"]

1. d4 c5 2. c3 e6 3. Nf3 Nf6 4. Bf4 Nc6 5. e3 h6 6. Nbd2 Nh5 7. Be5 d6 8. Bg3 Nxg3 9. hxg3 d5 10. Bd3 Bd6 11. Nh4 e5 12. dxe5 Nxe5 13. Ndf3 Nxd3+ 14. Qxd3 Qf6 15. Nd2 Qe6 16. g4 Bd7 17. Nf5 Bf8 18. Nf3 g6 19. Ng3 Bc6 20. Nh2 Bd6 21. Ngf1 0-0-0 22. 0-0-0 d4 23. f3 dxe3 24. Qe2 Qxa2 25. Nxe3 Qa1+ 26. Kd2 Bg3+ 0-1

[Event "OMA-chT Clubs"]
[Site "Muscat"]
[Date "2022.08.27"]
[Round "2.2"]
[White "Al Maqbali, Faham Said"]
[Black "Al Sawafi, Abdul Malik"]
[Result "1-0"]
[WhiteElo "1675"]
[BlackElo "1477"]
[PlyCount "91"]
[EventDate "2022.08.26"]
[EventType "team-swiss"]
[EventRounds "9"]
[EventCountry "OMN"]
[SourceTitle "EXT 2023"]
[Source "ChessBase"]
[SourceDate "2022.10.05"]
[SourceVersion "1"]
[SourceVersionDate "2022.10.05"]
[SourceQuality "1"]
[WhiteTeam "Majees Blue"]
[BlackTeam "Ibri"]
[WhiteTeamCountry "OMN"]
[BlackTeamCountry "OMN"]

1. e4 e6 2. Nf3 d5 3. exd5 exd5 4. d4 c6 5. Bd3 Bd6 6. 0-0 h6 7. c4 dxc4 8. Bxc4 Ne7 9. h3 0-0 10. Nc3 Bf5 11. Be3 Nd7 12. Re1 Nb6 13. Bb3 Ng6 14. Bc2 Bxc2 15. Qxc2 Nf4 16. Qf5 Nbd5 17. Nxd5 Nxd5 18. Bd2 Qb6 19. b3 Rfe8 20. Ne5 Bxe5 21. dxe5 Qd4 22. Rad1 Qb2 23. Qb1 Qxb1 24. Rxb1 Nb6 25. Bc3 Rad8 26. Rbd1 Rxd1 27. Rxd1 Nd5 28. Bb2 Kh7 29. g3 g5 30. Kf1 Kg6 31. Rd2 Kf5 32. Kg2 h5 33. a3 a5 34. Kf1 h4 35. g4+ Ke4 36. Kg2 Re6 37. b4 axb4 38. axb4 Re7 39. Kh2 Kf3 40. b5 Ke4 41. bxc6 bxc6 42. Kg2 Rb7 43. Rd4+ Kxe5 44. Rb4+ Ke6 45. Rxb7 Kd6 46. Rxf7 1-0